000 01051cam a22002651i 4500
003 SA-RiAUC
005 20251015074833.0
008 251007q19001999qa g b f00010 ara c
040 _aSA-RiAUC
_bara
_cSA-RiAUC
_erda
050 4 _b.A46 1900z
082 0 4 _a252.5
_qSA-RiAUC
090 _a252.5
_bا ل م
100 1 _aآل محمود، عبد الله بن زيد،
_d1329-1417 هجري
_eمؤلف.
245 1 0 _aأحكام منسك حج بيت الله الحرام /
_cتأليف عبد الله بن زيد بن آل محمود.
264 1 _aالدوحة :
_bمطابع قطر الوطنية،
_c[بين 1900 و1999]
300 _a69 صفحة ؛
_c24 سم
336 _aنص
_btxt
_2rdacontent
_3كتاب
337 _aبدون وسيط
_bn
_2rdamedia
338 _aمجلد
_bnc
_2rdacarrier
504 _aيشتمل على إرجاعات ببليوجرافية.
650 7 _aالحج
_2aucsh
650 7 _aالحج (فقه إسلامي)
_xمناسك
_2aucsh
942 _2ddc
_cBOOK
_n0
949 _aSA-JeALM
_d251007
_umohamedma123
_n1
999 _c12566
_d12566